| 000 | 00369nam a2200157Ia 4500 | ||
|---|---|---|---|
| 008 | 210210b1951 xxu||||| |||| 00| 0 eng d | ||
| 041 | _aeng | ||
| 082 | _a823/345 | ||
| 100 | _aSHAKESPEARE (William) | ||
| 245 | _aKing John | ||
| 260 |
_aCambridge _bAt the University Press _c1951 |
||
| 650 | _aKing | ||
| 650 | _aJohn | ||
| 690 | _aEnglish Drama | ||
| 906 | _a013889 | ||
| 999 |
_c132958 _d132958 |
||